| 000 | 00859nam a22002297a 4500 | ||
|---|---|---|---|
| 999 |
_c4282 _d4282 |
||
| 003 | AR-CdUCM | ||
| 008 | 190308b ||||| |||| 00| 0 spa d | ||
| 040 |
_aMUNICIPALIDAD PROVINCIAL DEL CUSCO _cBIBLIOTECA MUNICIPAL DEL CUSCO |
||
| 082 |
_a796.08 / _bC222 |
||
| 100 |
_aCanham, Don _913535 |
||
| 245 | _aAtletismo pista y campo / | ||
| 260 |
_aMéxico : _bEditorial Pax, _c1968. |
||
| 300 |
_a72 páginas ; _bFotografías, _c21 cm. |
||
| 440 |
_aCentro regional de ayuda tecnica agencia para el desarrollo internacional (A.I.D.) _913536 |
||
| 505 | _aContenido: Carrera de velocidad -- Carrera de obstáculos -- Carrera de medio fondo, de fondo y de relevos -- Salto longitud -- Salto altura... | ||
| 650 |
_aAtletismo _913537 |
||
| 650 |
_aVelocidad _913538 |
||
| 650 |
_aSalto _913539 |
||
| 650 |
_aPista _913540 |
||
| 942 |
_2ddc _cLIBROS |
||
| 945 | _adavv | ||